000
00320nam a22001337a 4500
020
_a
0-13-297366-9
082
_a
200.1 STE
100
_a
Stewart, David
245
_a
Exploring the Philosophy of Religion
260
_a
Englewood Cliffs
_b
New Delhi
_c
1970
300
_a
404
650
_a
Religion-Philosophy
942
_c
BK
999
_c
20235
_d
20235